000 00458cam a2200181ua 4500
020 _c125.00
041 _aeng
_h
082 _a631.587
_bSRI/IR
100 _aSrinivasamurthy, A P .
245 _aIrrigation planning in India /
_cA P Srinivasamurthy.
_hTextual Documents
250 _a1 /
_b.
260 _aMumbai :
_bHimalaya Publishers ,
_c1990.
300 _a103 ; .
365 _a125.00
504 _a
942 _cBK
999 _c7322
_d7322